Pseudo-Haptic Feedback Through Mid-Air Action for Learning of Chemical Bond Strength / (Record no. 587981)

000 -LEADER
fixed length control field 00463nam a22001457a 4500
020 ## - INTERNATIONAL STANDARD BOOK NUMBER
Qualifying information Hard Cover.
040 ## - CATALOGING SOURCE
Transcribing agency NUST.
082 ## - DEWEY DECIMAL CLASSIFICATION NUMBER
Classification number 620.0011-RIZ
100 ## - MAIN ENTRY--PERSONAL NAME
Personal name Syeda Yumna Nasir Rizvi.
9 (RLIN) 89161
245 ## - TITLE STATEMENT
Title Pseudo-Haptic Feedback Through Mid-Air Action for Learning of Chemical Bond Strength /
Statement of responsibility, etc. Rizvi, Syeda Yumna Nasir
260 ## - PUBLICATION, DISTRIBUTION, ETC.
Place of publication, distribution, etc. Islamabad:
Name of publisher, distributor, etc. RCMS-NUST,
Date of publication, distribution, etc. 2022.
300 ## - PHYSICAL DESCRIPTION
Extent 48 p. :
Other physical details ill. ;
Dimensions 30cm.
650 ## - SUBJECT ADDED ENTRY--TOPICAL TERM
Source of heading or term MS-System Engineering.
942 ## - ADDED ENTRY ELEMENTS (KOHA)
Source of classification or shelving scheme
Koha item type Thesis
Holdings
Withdrawn status Lost status Source of classification or shelving scheme Damaged status Not for loan Permanent Location Current Location Shelving location Date acquired Total Checkouts Full call number Barcode Date last seen Price effective from Koha item type
          School of Interdisciplinary Engineering and Sciences (SINES) School of Interdisciplinary Engineering and Sciences (SINES) Thesis 02/18/2022   620.0011-RIZ RCMS003309 02/18/2022 02/18/2022 Reference
© 2023 Central Library, National University of Sciences and Technology. All Rights Reserved.